Cities in Czechia - Sudden Death - Statistics

General Stats
  • This quiz has been taken 261 times
  • The average score is 17 of 31
Answers on the Grid
Answers color-coded by a green-red scale on the quiz's grid according to % correct below.
Žilina
Ústí na Labem
Vyškov
Lučenec
Spišská Nová Ves
Ostrava
Racibórz
Praha
Chemnitz
Trebič
Plzeň
Senica
Kladovy
Humenné
Olomouc
Kolín
Liberec
Ružomberok
Řyčany
České Budějovice
Passau
Pacov
Legnica
Chrudim
Pardubice
Kudowa-Zdrój
Jihlava
Zlín
Rožňava
Karlovy Vary
Bogatynia
Svitavy
Mladá Boleslav
Hradec Králové
Kalisz
Znojmo
Přerov
Prešov
Kroměřiž
Opava
Stará L'ubovňa
Frýdrek-Místek
Benešov
Sered'
Krupina
Bardejov
Jindřichův Hradec
Chomutov
Milevsko
 
Answer Stats
Answer % Correct
Praha
80%
Ústí na Labem
79%
Plzeň
77%
Ostrava
75%
Olomouc
69%
Liberec
68%
Vyškov
66%
České Budějovice
64%
Karlovy Vary
60%
58%
Hradec Králové
58%
Zlín
58%
Jihlava
55%
Kolín
55%
Mladá Boleslav
55%
Pardubice
55%
Znojmo
52%
Chrudim
51%
Trebič
51%
Opava
49%
Přerov
49%
Frýdrek-Místek
46%
Jindřichův Hradec
46%
Svitavy
46%
Benešov
45%
Kroměřiž
45%
Chomutov
44%
Kladovy
43%
Řyčany
40%
Milevsko
31%
Pacov
30%
No matching quizzes found
Score Distribution
Percent of People with Each Score
Percentile by Number Answered
Your Score History
You have not taken this quiz